3-D Human Modeling and Animation (Record no. 621)

MARC details
000 -LEADER
Fixed length control field 00483nam a2200181 4500
003 - CONTROL NUMBER IDENTIFIER
Control field SEACOMMC
005 - DATE AND TIME OF LATEST TRANSACTION
Control field 20250419140648.0
008 - FIXED-LENGTH DATA ELEMENTS--GENERAL INFORMATION
Fixed length control field 241003b |||||||| |||| 00| 0 eng d
020 ## - INTERNATIONAL STANDARD BOOK NUMBER / ISBN
International Standard Book Number 0-47-121-548-1
Price Rs.329.00
040 ## - CATALOGING SOURCE
Original cataloging agency SEACOMMC
082 ## - DEWEY DECIMAL CLASSIFICATION NUMBER
Classification number 006.696
Book Number R 236
100 ## - MAIN ENTRY--PERSONAL NAME
Personal name Ratner, Peter
245 1# - TITLE STATEMENT
Title 3-D Human Modeling and Animation
Statement of responsibility Peter Ratner
250 ## - EDITION STATEMENT
Edition statement 2nd ed.
260 ## - IMPRINT
Place of publication New Delhi
Name of publisher John Wiley & Sons
Date of publication 2003
650 ## - SUBJECT ADDED ENTRY--TOPICAL TERM
Topical term Computer Animation
942 ## - ADDED ENTRY ELEMENTS (KOHA)
Koha item type Books
Holdings
Withdrawn status Lost status Source of classification Damaged status Not for loan Home library Current library Date acquired Total Checkouts Call number Accession number Date last seen Price effective from Koha item type
    Dewey Decimal Classification     SEACOM MANAGEMENT COLLEGE SEACOM MANAGEMENT COLLEGE 04/10/2007   006.696 R 236 M-389 03/10/2024 03/10/2024 Books
© Seacom Engineering College, All rights reserved.    Powered by Koha